| 000 | 00809nam a2200217Ia 4500 | ||
|---|---|---|---|
| 001 | 4196 | ||
| 003 | GE_BSU | ||
| 008 | 181216s||||||||xx |||||||||||||| ||und|| | ||
| 040 | _cGE_BSU | ||
| 080 | _a628.33 | ||
| 100 | _aКогановский,А.М. Клименко,Н.А. Левченко,Т.М. и др. | ||
| 245 | _aОчистка и использование сточных вод в промышленном водоснабжении. | ||
| 245 | _cРед. Л.В.Швыркова . | ||
| 260 | _aМ. | ||
| 260 | _bХимия. | ||
| 260 | _c1983. | ||
| 300 | _a288 стр. 22 см. 391 библиогр. | ||
| 300 | _e117 рис. 53 табл. | ||
| 653 | _aОчистка и использование сточных вод в промышленном водоснабжении. | ||
| 942 | _cBK | ||
| 999 |
_c38206 _d38206 |
||